| 000 | 00621nam a22001817a 4500 | ||
|---|---|---|---|
| 003 | NUST | ||
| 005 | 20240708115722.0 | ||
| 038 | _aASAB | ||
| 082 | _a200 | ||
| 100 |
_aNaz Anam _9124161 |
||
| 245 |
_aGenomics and systems-level insights into Helicobacter pylori mediated virulence and pathogenesis/ _cAnam Naz |
||
| 260 |
_aIslamabad. _bAtta ur Rahman School of Applied Biosciences ASAB _c2018. |
||
| 300 |
_a184 p. ; _bill; _c30,cm. |
||
| 600 |
_xPhD-Industrial Biotechnology _9123937 |
||
| 700 |
_aSupervisor:Dr.Amjad Ali _9123906 |
||
| 856 | _uhttp://10.250.8.41:8080/xmlui/handle/123456789/26851 | ||
| 942 |
_2ddc _cSC |
||
| 999 |
_c523468 _d523468 |
||